000 00607nam a2200205 4500
003 OSt
005 20240723055422.0
006 a
008 240723b |||||||| |||| 00| 0 eng d
020 _a9710489640
040 _aDWCL-Main lib.
_cOC
082 _aFil. 657 Ub14c 2010
100 _aUberita, Conrado
245 _aCPA examination: practical accounting 1 /
260 _aManila :
_bGIC Enterprises & Co., Inc.,
_cc2010.
300 _b820p.;
_c23 cm.
650 _a1. Accounting-Examination, questions, etc.
650 _a2. Accounting-Problems, exercises, etc.
942 _2ddc
_n0
_cBK - FIL
_kFil.
999 _c2600
_d2600